Η μεταρρυθμιστική συνθήκη της Λισαβώνας

Αποθηκεύτηκε σε:
Λεπτομέρειες βιβλιογραφικής εγγραφής
Κύριος συγγραφέας: Χίου-Μανιατοπούλου, Θεοδώρα
Μορφή: Βιβλίο
Γλώσσα:Greek
Δημοσίευση: Αθήνα : Παπαζήσης, 2008.
Σειρά:International and European law library ; 2
Θέματα:
Ετικέτες: Προσθήκη ετικέτας
Δεν υπάρχουν, Καταχωρήστε ετικέτα πρώτοι!

MARC

LEADER 00000cam a2200000 i 4500
001 1/35136
008 130822s2008 gr | ||| |||| ||gre||
020 |a 9789600222319 
035 |l 10115406 
040 |a GR-MyUa  |b gre  |e AACR2 
041 0 |a gre 
082 7 |a 341.2422   |2 (22) 
100 1 |a Χίου-Μανιατοπούλου, Θεοδώρα. 
245 1 2 |a Η μεταρρυθμιστική συνθήκη της Λισαβώνας /   |c Θεοδώρα Χίου-Μανιατοπούλου. 
260 |a Αθήνα :   |b Παπαζήσης,   |c 2008. 
300 |a 405 σ. ;   |c 24 εκ. 
490 1 |a (International and European Law Library ;   |v 2) 
500 |a 2: Documents on International and European Law. 
610 2 0 |a European Union. 
630 0 0 |a Treaty on European Union   |d (1992 February 7).   |k Protocols, etc.   |d (2007 December 13) 
650 0 |a Treaties  |z European Union countries. 
830 0 |a International and European law library ;  |v 2 
852 |a INST  |b LESVOS  |e 20130822  |h 341.2422 ΧΙΟ  |p 005100053043  |q 005100053043  |t BK  |y 0 
901 |a BIBL1-2013-1 
922 |a 1ΕΛΗ  |b 201306  |c Βιβλιοθήκη  |d Ιωαννίδου 
970 |a Τζαφέρη  |b Ευαγγελία  |z 23/08/2013